000 00373nam a22001337a 4500
999 _c8083
_d8084
008 190708b ||||| |||| 00| 0 eng d
082 _aPOL.SCI CAP NO.107
100 _aDechen, Pema
245 _aChanging Patterns of cousin marriage in eastern Bhutan
260 _aThimphu ;
_bRoyal Thimphu College,
_c2019.
300 _a19 p.
_c30 cm.
650 _aCapstone
942 _2ddc